000
00275nam a2200109 a 4500
005
20200930074226.0
008
111027s1954 000 spa d
100
_a
Lavelle, Louis
_9
61042
245
4
_a
Las potencias del yo.
260
_a
Buenos Aires,
_c
1954.
999
_c
34768
_d
34768
040
_a
DO-SdBNP